| 000 | 00575nam a22001937a 4500 | ||
|---|---|---|---|
| 005 | 20140501131220.0 | ||
| 010 | _aENG-109840 | ||
| 020 |
_a9788192512198 _c450.00 |
||
| 020 |
_a8192512193 _c450.00 |
||
| 035 | _aEN-93373 | ||
| 037 | _bDBAD/PUB | ||
| 100 | _aRaju, T. Swami | ||
| 245 | 0 | 0 |
_aChristian theological responses : _cby T.Swami Raju _bcontemporary contextual concerns / |
| 260 |
_aNew Delhi _bChristian World Imprints _c2014 |
||
| 270 |
_aH-12, Bali Nagar _bNew Delhi _e110015 |
||
| 300 |
_axvi,172p. _c22cm(Hb) |
||
| 500 | _aIncludes index | ||
| 942 |
_2ddc _cEN _mRAJ |
||
| 999 |
_c83904 _d83904 |
||